000 00392nam a2200169Ia 4500
008 230524s9999 xx 000 0 und d
020 _a8170148162
082 _a3
_bSWA
100 _aKanti Swarup
245 0 _aOperations Research
250 _a9TH
260 _aNEW DELHI
_bS.Chand
_c2001
300 _aXIV;667
500 _aQuantity Number: 43
650 _aMathematics
942 _cBK
999 _c18985
_d18985